000
00320 a2200157 4500
001
162220
020
_a
040
_c
Magnum
100
_a
Carrasco, Walcyr
240
1
0
_a
Balanco coracao
_l
por
245
1
0
_a
Balanco coracao
362
0
_a
1899
440
1
_a
Ática
697
_a
J/ADOLESCENTE, NAMORO
942
_c
BK
999
_c
162220
_d
162220